=LDR 00000nam 2200000 4500 =001 INLIS000000000044823 =005 20131008110735 =008 ***********************************Ind** =035 ##$$0010-101300000002745 =041 ##$$a Ind =082 ##$$a 616.994 =090 ##$$a 616.994, Hid b =100 ##$$a Hidayati, Nurul Laily =245 ##$$a Bebas Kanker Meski Makan Daging : Solusi Sehat Mencegah =260 ##$$a 2011 $b Jakarta =300 ##$$a Vi,146 Hlm., 25 Cm =650 ##$$a Kanker =700 ##$$a Rosliyani, Noni =850 ##$$a NNT-CD =990 ##$$a 75417541 =990 ##$$a 01201807541